000 00624nam a2200241Ia 4500
003 OSt
005 20220924153529.0
006 a|||||r|||| 00| 0
007 ta
008 220923b |||||||| |||| 00| 0 tam d
024 _a350599
037 _cTextual
040 _aARTS
_cARTS
_btam
041 _2tam
_atam
082 _aO31,1C5, K7.1-.4
100 _aThevaneya P Pavanar Co.
_9229087
245 0 _aThirukkural
260 _c1967
650 _a TAMIL POETRY
650 _aTAMIL LITERATURE
942 _hO31,1C5, K7.1-.4
_cTEXL
_2CC
999 _c473917
_d473917